000 00518nam a22001931a 4500
020 _a9788121402200
_c0.00
040 _aSSUS - Library - Kalady
082 _aH100 9
_bSHA/P
100 _aShambhu Nath
245 _aPremchand ka punarmoolyankan
_h[Text]
260 _aNew Delhi
_bNational
_c1988
300 _a243p.
600 _aLiterature Hindi
600 _aLiterature
600 _aPoetry Hindi Criticism
600 _aPoetry Premchand Criticism
852 _980.00
_r
942 _cBK
999 _c35912
_d35912